000 00252nam a2200109Ia 4500
008 190216s9999||||xx |||||||||||||| ||und||
100 _aMishra N
245 0 _aFundamentals Of Business Organisation
260 _bNull
_c1987
300 _a604p
942 _cBK
999 _c5401
_d5401